000 00687 a2200205 4500
001 37889
005 20260407155645.0
008 260407a1971 arg spa d
003 AR-UNSa-BCEJYS
040 _aAR-UNSa-BCEJYS
_bspa
_cAR-UNSa-BCEJYS
080 _a512.64
_xAlgebra lineal y multilineal
245 1 0 _aElementos de Algebra Lineal
264 1 _aMéxico :
_bLimusa-Wiley
_c1971
300 _a243 p.
_c23 cm.
505 _a1. Introducción a los espacios vectoriales - 2. Matrices - 3. Deteriminantes - 4. Raíces características - 5. Funciones cuadráticas .
942 _cBK
590 _aniveau_biblio:m niveau_hierar:0
100 1 _aMarcus, Marvin
700 1 _aMinc, Henryk
999 _c2832
_d2832